Multiple Choice City Quiz - Novosibirsk - Statistics

General Stats
  • This quiz has been taken 58 times
  • The average score is 5 of 10
Answer Stats
Question Answer % Correct
What does "Novosibirsk" mean? New Siberia
91%
Which river's banks is Novosibirsk located on? Ob
64%
What is the best description of Novosibirsk's population? 2,000,000-1,000,000
51%
What is the name of the educational and scientific center of Siberia that Novosibirsk is home to? Akademgorodok
51%
When is Novosibirsk's City Day celebrated? Last Sunday of June
47%
What notable neo-Byzantine styled cathedral is Novosibirsk home to? Alexander Nevsky Cathedral
40%
Its former name was named in honor of a Russian tsar. Which one was it? Nicholas II
40%
What airport serves Novosibirsk? Tolmachevo Airport
38%
When was Novosibirsk found? 1893
26%
During the Russian Civil War, which legion captured Novosibirsk along with the White Guards? Czechoslovak Legion
17%
No matching quizzes found
Score Distribution
Percent of People with Each Score
Percentile by Number Answered
Your Score History
You have not taken this quiz